000 04797 a2200373 4500
008 090307t xxu||||| |||| 00| 0 eng d
010 _aB-305166-180
020 _c160.00
_a9788183611343
082 _a
100 _aशिवानी
245 _aअपराजिता /
_cशिवानी
260 _aनई दिल्ली
_bराधाकृष्ण प्रकाशन
_c2007
270 _a7/31, अंसारी रोड, दरियागंज
_bनई दिल्ली
_cदिल्ली
_e110002
300 _a138पृ
_c22 सेमी (सजिल्द)
650 _aहिन्दी कहानियाँ
650 _aHindi Stories
942 _adpl
_cHN
_2ddc
_h
_mशिवानी
999 _c12355
_d12355